MCU Movies and TV Shows - Statistics

General Stats
  • This quiz has been taken 156 times
    82 since last reset
  • The average score is 30 of 41
Answer Stats
Release Year Movie/TV Show % Correct
2011 Captain America: The First Avenger
100%
2008 Iron Man
100%
2019 Avengers: Endgame
96%
2011 Thor
96%
2018 Avengers: Infinity War
95%
2010 Iron Man 2
95%
2013 Iron Man 3
95%
2008 The Incredible Hulk
95%
2012 Marvel's The Avengers
93%
2016 Captain America: Civil War
89%
2013 Thor: The Dark World
88%
2015 Avengers: Age of Ultron
86%
2017 Spider-Man: Homecoming
86%
2014 Guardians of the Galaxy
84%
2014 Captain America: The Winter Soldier
82%
2015 Ant-Man
81%
2021 Black Widow
79%
2021 WandaVision
79%
2017 Guardians of the Galaxy Vol:2
77%
2017 Thor: Ragnarok
77%
2018 Black Panther
75%
2021 Loki
75%
2021 Spider-Man: No Way Home
75%
2018 Ant-Man and the Wasp
74%
2019 Spider-Man: Far From Home
74%
2016 Doctor Strange
72%
2022 Thor: Love and Thunder
72%
2019 Captain Marvel
70%
2022 Black Panther: Wakanda Forever
65%
2021 Eternals
65%
2021 Shang-Chi and the Legend of the Ten Rings
61%
2022 Doctor Strange in the Multiverse of Madness
58%
2021 Hawkeye
58%
2022 Ms. Marvel
56%
2021 Falcon and the Winter Soldier
54%
2023 Ant-Man and the Wasp: Quantumania
47%
2022 She-Hulk: Attorney at Law
47%
2022 Moon Knight
42%
2021 What if...?
39%
2022 Werewolf by Night
16%
2022 The Guardians of the Galaxy Holiday Special
12%
No matching quizzes found
Score Distribution
Percent of People with Each Score
Percentile by Number Answered
Your Score History
You have not taken this quiz since the last reset